[Event "GER-chB Seniors 26th"]
[Site "Bad Neuenahr"]
[Date "2014.08.09"]
[Round "5"]
[White "Baur, Helmut"]
[Black "Baier, Peter"]
[Result "1-0"]
[WhiteElo "1865"]
[BlackElo "1712"]
[PlyCount "49"]
[EventDate "2014.08.05"]
[EventType "swiss"]
[EventRounds "9"]
[EventCountry "GER"]
[SourceTitle "EXT 2018"]
[Source "ChessBase"]
[SourceDate "2017.10.13"]
[SourceVersion "1"]
[SourceVersionDate "2017.10.13"]
[SourceQuality "1"]

1. d4 d5 2. Bf4 Nf6 3. e3 e6 4. Nd2 Nbd7 5. Ngf3 h6 6. h3 Be7 7. Bd3 b6 8. 0-0 0-0 9. Ne5 Nxe5 10. dxe5 Nd7 11. c3 Bb7 12. Qg4 Bg5 13. Bg3 g6 14. h4 Be7 15. h5 g5 16. f4 Kh8 17. f5 Rg8 18. fxe6 Nf8 19. exf7 Rg7 20. e6 Bd6 21. Bxd6 Qxd6 22. Rf6 Qe7 23. Rxh6+ Nh7 24. Bxh7 Rxh7 25. Qd4+ 1-0

[Event "GER-chB Seniors 26th"]
[Site "Bad Neuenahr"]
[Date "2014.08.05"]
[Round "1"]
[White "Bendisch, Juergen"]
[Black "Baier, Peter"]
[Result "1/2-1/2"]
[WhiteElo "1916"]
[BlackElo "1712"]
[PlyCount "56"]
[EventDate "2014.08.05"]
[EventType "swiss"]
[EventRounds "9"]
[EventCountry "GER"]
[SourceTitle "EXT 2018"]
[Source "ChessBase"]
[SourceDate "2017.10.13"]
[SourceVersion "1"]
[SourceVersionDate "2017.10.13"]
[SourceQuality "1"]

1. d4 d5 2. Nf3 Nf6 3. c4 c6 4. cxd5 cxd5 5. Nc3 e6 6. a3 a6 7. e3 Be7 8. Bd3 Nc6 9. 0-0 h6 10. e4 dxe4 11. Nxe4 0-0 12. Be3 Bd7 13. Rc1 Rc8 14. Re1 Nd5 15. Bd2 Nf6 16. Qe2 Qb6 17. Be3 Nd5 18. Nc5 Be8 19. Red1 Nxe3 20. fxe3 Bxc5 21. dxc5 Qc7 22. Bb1 Ne5 23. Qc2 Nxf3+ 24. gxf3 g6 25. Qf2 Bc6 26. Qh4 Bxf3 27. Rf1 Bh5 28. Qf6 Qd8 1/2-1/2

[Event "Rheinland Pfalz op Seniors 12th"]
[Site "Neustadt an der Weinstrasse"]
[Date "2014.07.14"]
[Round "2"]
[White "Baier, Peter"]
[Black "Meusel, Rolf"]
[Result "0-1"]
[WhiteElo "1712"]
[BlackElo "1858"]
[PlyCount "174"]
[EventDate "2014.07.12"]
[EventType "swiss"]
[EventRounds "7"]
[EventCountry "GER"]
[SourceTitle "EXT 2019"]
[Source "ChessBase"]
[SourceDate "2018.10.10"]
[SourceVersion "1"]
[SourceVersionDate "2018.10.10"]
[SourceQuality "1"]

1. d4 g6 2. Bf4 d6 3. e3 Bg7 4. Be2 Nf6 5. h3 Bd7 6. Nf3 0-0 7. 0-0 c5 8. c3 Qb6 9. Qb3 Qxb3 10. axb3 Nc6 11. Nbd2 a6 12. Nc4 Rad8 13. Rfd1 cxd4 14. exd4 Be6 15. Ra3 Nd5 16. Bg3 Bh6 17. Na5 Nxa5 18. Rxa5 Rc8 19. Re1 Rc7 20. b4 Nb6 21. Rc5 Rd7 22. Ra5 Rc8 23. Bh4 Kf8 24. Bg5 Bg7 25. Be3 Bc4 26. Bxc4 Nxc4 27. Ra2 e6 28. Nd2 Nb6 29. Ne4 Nd5 30. Bd2 f6 31. Ng3 e5 32. dxe5 dxe5 33. Ne4 Kf7 34. Raa1 Bf8 35. Red1 Nb6 36. Be3 Nd5 37. Nc5 Bxc5 38. Bxc5 Rcd8 39. Re1 Nf4 40. Be3 Ne6 41. Bb6 Rc8 42. Rad1 Rxd1 43. Rxd1 Ke7 44. g3 Rc6 45. Be3 Rd6 46. Rxd6 Kxd6 47. h4 Kd5 48. b3 Ke4 49. c4 Kd3 50. b5 axb5 51. cxb5 Nd4 52. b6 Nxb3 53. Kf1 Na5 54. Ke1 f5 55. Kd1 Nc4 56. Bc5 f4 57. gxf4 exf4 58. Ke1 Ne5 59. Kf1 Ke4 60. Kg2 Nd7 61. f3+ Kd5 62. Bg1 Kc6 63. Bh2 Nxb6 64. Bxf4 Nd5 65. Bc1 Ne7 66. Kg3 Kd5 67. Kg4 b5 68. h5 b4 69. hxg6 Nxg6 70. Kg5 Ne5 71. f4 Nd3 72. Bd2 b3 73. Bc3 h6+ 74. Kxh6 Nxf4 75. Kg5 Ke4 76. Bb2 Nd3 77. Bc3 Nb4 78. Kg4 Kd3 79. Ba1 Kd2 80. Kf3 Nd3 81. Bd4 Nc1 82. Ke4 Ne2 83. Ba1 Kc2 84. Ke3 Nc1 85. Kd4 Nd3 86. Bc3 Nb2 87. Ba5 Na4 0-1

[Event "Hessen-ch Seniors op 10th"]
[Site "Bad Sooden-Allendorf"]
[Date "2014.05.04"]
[Round "9"]
[White "Lueders, Guenter"]
[Black "Baier, Peter"]
[Result "1-0"]
[WhiteElo "1886"]
[BlackElo "1698"]
[PlyCount "53"]
[EventDate "2014.04.26"]
[EventType "swiss"]
[EventRounds "9"]
[EventCountry "GER"]
[SourceTitle "EXT 2018"]
[Source "ChessBase"]
[SourceDate "2017.10.13"]
[SourceVersion "1"]
[SourceVersionDate "2017.10.13"]
[SourceQuality "1"]

1. d4 d5 2. Nf3 Nf6 3. Bf4 e6 4. Nbd2 Nc6 5. h3 Be7 6. e3 a6 7. c4 0-0 8. Rc1 Bd7 9. Bd3 h6 10. 0-0 Rc8 11. Bb1 b6 12. a3 a5 13. Qc2 Bd6 14. Ne5 Be8 15. cxd5 Ne7 16. dxe6 fxe6 17. Ne4 Ng6 18. Nxd6 Nxf4 19. Nxc8 Nxh3+ 20. gxh3 Qxc8 21. Qxc7 Qa6 22. Bd3 Bb5 23. Bxb5 Qxb5 24. Rc2 Qe8 25. Kh2 Qh5 26. Rg1 g5 27. Qe7 1-0

[Event "Hessen-ch Seniors op 10th"]
[Site "Bad Sooden-Allendorf"]
[Date "2014.05.03"]
[Round "8"]
[White "Baier, Peter"]
[Black "Kleist, Werner"]
[Result "1/2-1/2"]
[WhiteElo "1698"]
[BlackElo "1900"]
[PlyCount "56"]
[EventDate "2014.04.26"]
[EventType "swiss"]
[EventRounds "9"]
[EventCountry "GER"]
[SourceTitle "EXT 2018"]
[Source "ChessBase"]
[SourceDate "2017.10.13"]
[SourceVersion "1"]
[SourceVersionDate "2017.10.13"]
[SourceQuality "1"]

1. d4 d5 2. Bf4 Nf6 3. e3 Nc6 4. Nd2 g6 5. h3 Bg7 6. Ngf3 0-0 7. Be2 Re8 8. 0-0 a6 9. Re1 Nd7 10. c4 e6 11. cxd5 exd5 12. Rc1 Nb6 13. b3 Be6 14. Ng5 Bf5 15. Ngf3 Rc8 16. Nf1 Na7 17. Ng3 Be4 18. Nxe4 dxe4 19. Nd2 Nd5 20. Bh2 Nb5 21. Bxb5 axb5 22. Qc2 Nb4 23. Qb1 Nd3 24. Nxe4 Nxe1 25. Rxe1 Re7 26. Rc1 Qe8 27. Nc5 c6 28. Nd3 Rd8 1/2-1/2

[Event "Hessen-ch Seniors op 10th"]
[Site "Bad Sooden-Allendorf"]
[Date "2014.04.30"]
[Round "5"]
[White "Nietsch, Horst"]
[Black "Baier, Peter"]
[Result "1/2-1/2"]
[WhiteElo "1918"]
[BlackElo "1698"]
[PlyCount "66"]
[EventDate "2014.04.26"]
[EventType "swiss"]
[EventRounds "9"]
[EventCountry "GER"]
[SourceTitle "EXT 2018"]
[Source "ChessBase"]
[SourceDate "2017.10.13"]
[SourceVersion "1"]
[SourceVersionDate "2017.10.13"]
[SourceQuality "1"]

1. Nf3 d5 2. g3 Nf6 3. Bg2 e6 4. b3 g6 5. Bb2 Bg7 6. 0-0 0-0 7. d4 Nbd7 8. Nbd2 c6 9. Ne5 h6 10. c4 Nxe5 11. dxe5 Nd7 12. f4 f6 13. exf6 Nxf6 14. Qc2 Kh7 15. Rf3 Rf7 16. h3 Qg8 17. Raf1 Bd7 18. Be5 Ne8 19. g4 Bxe5 20. fxe5 Rxf3 21. exf3 Ng7 22. Qd3 Rf8 23. f4 Bc8 24. Qe3 a6 25. Nf3 Rd8 26. cxd5 exd5 27. Qd3 Qf8 28. Nh4 Qf7 29. f5 gxf5 30. gxf5 Kg8 31. Qg3 Kh7 32. Qd3 Kg8 33. Qg3 Kh7 1/2-1/2

[Event "Hessen-ch Seniors op 10th"]
[Site "Bad Sooden-Allendorf"]
[Date "2014.04.26"]
[Round "1"]
[White "Schumacher, Helmut"]
[Black "Baier, Peter"]
[Result "1-0"]
[WhiteElo "2033"]
[BlackElo "1698"]
[PlyCount "71"]
[EventDate "2014.04.26"]
[EventType "swiss"]
[EventRounds "9"]
[EventCountry "GER"]
[SourceTitle "EXT 2018"]
[Source "ChessBase"]
[SourceDate "2017.10.13"]
[SourceVersion "1"]
[SourceVersionDate "2017.10.13"]
[SourceQuality "1"]

1. d4 d5 2. Nc3 Nf6 3. Bg5 e6 4. e4 dxe4 5. Nxe4 Be7 6. Bxf6 Bxf6 7. Nf3 0-0 8. Qd2 h6 9. 0-0-0 b6 10. Qf4 Nd7 11. Bb5 Bb7 12. Bxd7 Bxe4 13. Qxe4 Qxd7 14. g4 Qd5 15. Qxd5 exd5 16. h4 g6 17. Ne5 Bg7 18. f4 Rfe8 19. Rhe1 Re6 20. f5 gxf5 21. gxf5 Rf6 22. Rf1 h5 23. Rd3 Kh7 24. Kd1 c5 25. dxc5 Rd8 26. cxb6 axb6 27. c3 Kg8 28. Rg3 Kf8 29. Nd3 d4 30. c4 Rc6 31. Rfg1 Bf6 32. b3 Re8 33. Rg8+ Ke7 34. Re1+ Re6 35. Rxe8+ Kxe8 36. fxe6 1-0

[Event "Arber op Seniors 1st"]
[Site "Bayerisch Eisenstein"]
[Date "2013.07.03"]
[Round "5"]
[White "Baier, Peter"]
[Black "Rennenkampff, Juergen"]
[Result "0-1"]
[WhiteElo "1748"]
[BlackElo "1813"]
[PlyCount "54"]
[EventDate "2013.06.29"]
[EventType "swiss"]
[EventRounds "9"]
[EventCountry "GER"]
[SourceTitle "EXT 2014"]
[Source "ChessBase"]
[SourceDate "2013.11.20"]
[SourceVersion "1"]
[SourceVersionDate "2013.11.20"]
[SourceQuality "1"]

1. Nf3 d5 2. d4 Nf6 3. Bf4 e6 4. e3 c5 5. c3 Nc6 6. Nbd2 Be7 7. h3 0-0 8. Be2 Bd6 9. Bxd6 Qxd6 10. 0-0 Re8 11. Rc1 e5 12. dxc5 Qxc5 13. Re1 Be6 14. b4 Qe7 15. a3 e4 16. Nd4 Nxd4 17. cxd4 Rec8 18. Nb3 b6 19. Ba6 Rc7 20. Rxc7 Qxc7 21. Qc1 Qd6 22. Re2 Bc8 23. Bxc8 Rxc8 24. Rc2 Rxc2 25. Qxc2 h6 26. Qc8+ Kh7 27. b5 Qxa3 0-1

[Event "Rheinhausen-ch 14th"]
[Site "Duisburg Rheinhausen"]
[Date "2010.01.22"]
[Round "2"]
[White "Baier, Peter"]
[Black "Schlepuetz, Volker"]
[Result "1/2-1/2"]
[WhiteElo "1364"]
[BlackElo "1137"]
[PlyCount "46"]
[EventDate "2010.01.08"]
[EventType "swiss"]
[EventRounds "7"]
[EventCountry "GER"]
[SourceTitle "EXT 2018"]
[Source "ChessBase"]
[SourceDate "2017.10.13"]
[SourceVersion "1"]
[SourceVersionDate "2017.10.13"]
[SourceQuality "1"]

1. e4 d6 2. d4 f6 3. Nc3 g6 4. Nf3 Bg7 5. Bc4 e5 6. d5 Ne7 7. 0-0 0-0 8. Re1 f5 9. Ng5 fxe4 10. Ncxe4 h6 11. Nf3 Bg4 12. Be2 Nf5 13. h3 Bxf3 14. Bxf3 Nd4 15. Be2 Nxe2+ 16. Qxe2 Nd7 17. c4 b6 18. Be3 Nf6 19. Nxf6+ Qxf6 20. Rad1 Qf5 21. b3 Rf7 22. Rf1 Raf8 23. f3 Kh7 1/2-1/2

[Event "Goch op 20th"]
[Site "Goch"]
[Date "2009.10.03"]
[Round "5"]
[White "Aymans, Rainer"]
[Black "Baier, Peter"]
[Result "1-0"]
[WhiteElo "1721"]
[BlackElo "1779"]
[PlyCount "75"]
[EventDate "2009.10.01"]
[EventType "swiss"]
[EventRounds "7"]
[EventCountry "GER"]
[SourceTitle "EXT 2011"]
[Source "ChessBase"]
[SourceDate "2010.11.26"]
[SourceVersion "1"]
[SourceVersionDate "2010.11.26"]
[SourceQuality "1"]

1. Nf3 Nc6 2. g3 d6 3. Bg2 e5 4. d3 Be7 5. 0-0 Nf6 6. c4 Bd7 7. Nc3 0-0 8. a3 a6 9. b4 Rb8 10. Qc2 h6 11. e3 Nh7 12. Nd5 Ng5 13. Nxe7+ Qxe7 14. Bd2 Bg4 15. Nxg5 Qxg5 16. b5 Nd8 17. a4 Qe7 18. Rfe1 c5 19. d4 cxd4 20. exd4 Ne6 21. dxe5 dxe5 22. Rxe5 axb5 23. h3 f6 24. Re3 Nd4 25. Rxe7 Nxc2 26. Ra2 Bf5 27. axb5 Rfd8 28. Bd5+ Kh8 29. g4 Bh7 30. Ra7 Bg8 31. Bxg8 Rxd2 32. Bd5 Nb4 33. Raxb7 Rxb7 34. Bxb7 Rd4 35. c5 Nd5 36. Rd7 Rd1+ 37. Kh2 Rd2 38. Bxd5 1-0

[Event "Goch op 20th"]
[Site "Goch"]
[Date "2009.10.02"]
[Round "2"]
[White "Liu, Bibek"]
[Black "Baier, Peter"]
[Result "1-0"]
[WhiteElo "1064"]
[BlackElo "1779"]
[PlyCount "91"]
[EventDate "2009.10.01"]
[EventType "swiss"]
[EventRounds "7"]
[EventCountry "GER"]
[SourceTitle "EXT 2011"]
[Source "ChessBase"]
[SourceDate "2010.11.26"]
[SourceVersion "1"]
[SourceVersionDate "2010.11.26"]
[SourceQuality "1"]

1. e4 e5 2. Nf3 Nc6 3. Bc4 Bc5 4. d3 h6 5. Nc3 a6 6. a3 d6 7. h3 Nf6 8. Nd5 0-0 9. Ne3 Re8 10. b4 Ba7 11. c3 b5 12. Ba2 Be6 13. Bxe6 Rxe6 14. 0-0 Re8 15. Re1 d5 16. exd5 Nxd5 17. Qc2 Nf4 18. Rd1 Qd7 19. Nf1 Ng6 20. Be3 Rad8 21. Bxa7 Nxa7 22. Ng3 Nc6 23. Rd2 Re6 24. Rad1 Nce7 25. d4 exd4 26. Rxd4 Rd6 27. Rxd6 cxd6 28. Qe2 Qc6 29. Qd2 Qd7 30. Ne4 Nc8 31. Nh2 Ne5 32. Qd4 Nc4 33. Ng4 Qe6 34. Nc5 Qg6 35. Ra1 d5 36. Ne3 Ne7 37. Nxc4 bxc4 38. Qd1 Nf5 39. Qb1 Qc6 40. Qxf5 a5 41. Qf3 axb4 42. axb4 Qd6 43. Nb7 Qd7 44. Nxd8 Qxd8 45. Ra5 d4 46. Ra8 1-0

[Event "Rheinhausen-ch 12th"]
[Site "Duisburg Rheinhausen"]
[Date "2008.02.29"]
[Round "6"]
[White "Roeder, Regina"]
[Black "Baier, Peter"]
[Result "1/2-1/2"]
[WhiteElo "1464"]
[BlackElo "1284"]
[PlyCount "44"]
[EventDate "2008.01.11"]
[EventType "swiss"]
[EventRounds "7"]
[EventCountry "GER"]
[SourceTitle "EXT 2018"]
[Source "ChessBase"]
[SourceDate "2017.10.13"]
[SourceVersion "1"]
[SourceVersionDate "2017.10.13"]
[SourceQuality "1"]

1. d4 g6 2. c4 d6 3. Nc3 Bg7 4. e4 c5 5. d5 a6 6. Bd3 Nd7 7. Nge2 Ne5 8. 0-0 Nf6 9. h3 h6 10. Be3 0-0 11. Qd2 Kh7 12. Rac1 Bxh3 13. f4 Nxd3 14. Qxd3 Bg4 15. Ng3 Nh5 16. Nxh5 Bxh5 17. Kf2 f5 18. Rh1 Qc8 19. Na4 fxe4 20. Qxe4 Qg4 21. Rh3 Rae8 22. Rch1 Rf5 1/2-1/2